LIBRARY & INFORMATION CENTRE, KCAET, TAVANUR

ONLINE PUBLIC ACCESS CATALOGUE (OPAC)

Indian Forest Service Exam (Record no. 13675)

MARC details
000 -LEADER
fixed length control field 00373nam a22001577a 4500
003 - CONTROL NUMBER IDENTIFIER
control field OSt
008 - FIXED-LENGTH DATA ELEMENTS--GENERAL INFORMATION
fixed length control field 240203b |||||||| |||| 00| 0 eng d
020 ## - INTERNATIONAL STANDARD BOOK NUMBER
ISBN 9788171996001
041 ## - LANGUAGE CODE
Language code of text/sound track or separate title eng
082 ## - DEWEY DECIMAL CLASSIFICATION NUMBER
Classification number 634.9
Item number BRI/IN
100 ## - MAIN ENTRY--AUTHOR NAME
Personal name Bright, P.S
245 ## - TITLE STATEMENT
Title Indian Forest Service Exam
260 ## - PUBLICATION, DISTRIBUTION, ETC. (IMPRINT)
Place of publication New Delhi
Name of publisher Bright Publications
Year of publication 2012
300 ## - PHYSICAL DESCRIPTION
Number of Pages 240
942 ## - ADDED ENTRY ELEMENTS (KOHA)
Koha item type Books
Holdings
Withdrawn status Lost status Damaged status Collection code Home library Current library Shelving location Date acquired Source of acquisition Cost, normal purchase price Full call number Accession Number Koha item type
      General Books KAUAET KAUAET General Stacks 31/03/2012 Current Books, Thrissur 399.00 634.9 BRI/IN 22485 Books
      General Books KAUAET KAUAET General Stacks 31/03/2012 International Books & Periodicals Supply Service, Delhi 399.00 634.9 BRI/IN 22964 Books
free website counter